El derecho de los jueces: obligatoriedad del precedente constitucional, análisis de sentencias y líneas jurisprudenciales y teoría del derecho judicial
Salvato in:
| Autore principale: | |
|---|---|
| Natura: | Libro |
| Lingua: | spagnolo |
| Pubblicazione: |
Bogotá
Legis
2006
|
| Edizione: | 2a. ed |
| Soggetti: | |
| Tags: |
Aggiungi Tag
Nessun Tag, puoi essere il primo ad aggiungerne!!
|
MARC
| LEADER | 00000cam a2200000 a 4500 | ||
|---|---|---|---|
| 001 | UCG9700 | ||
| 003 | CL-VaPUC | ||
| 008 | 120330e20060000CK |||||||||||||||||spa|d | ||
| 020 | |a 9586534928 | ||
| 082 | 0 | 4 | |a 347.014 |b LOP |2 21 |
| 100 | |a López Medina, Diego Eduardo |e autor |9 561334 | ||
| 245 | 1 | 3 | |a El derecho de los jueces: obligatoriedad del precedente constitucional, análisis de sentencias y líneas jurisprudenciales y teoría del derecho judicial |
| 250 | |a 2a. ed | ||
| 300 | |a 366 p | ||
| 942 | |c BK | ||
| 945 | |d 20120330 00:00:00 |a dcastane | ||
| 260 | |a Bogotá |b Legis |c 2006 | ||
| 650 | 0 | |a Jueces |9 256162 | |
| 650 | 0 | |a Poder judicial |9 254871 | |
| 650 | 0 | |a Jurisprudencia |9 255952 | |
| 650 | 0 | |a Tribunal constitucional |9 255000 | |
| 583 | |a last modification |c 20161003 08:04:19 |k Rodrigo Vera | ||
| 999 | |c 347246 |d 347244 | ||
| 952 | |0 0 |1 0 |4 0 |6 347_014000000000000_LOP_2006 |7 0 |8 A |9 448479 |a BIBDER |b BIBDER |d 2019-11-22 |i 4846400 |o 347.014 LOP 2006 |p 4846400 |r 2023-01-25 |w 2019-11-22 |y BK |k DER | ||